| 000 | 00649nam a22001937a 4500 | ||
|---|---|---|---|
| 003 | PILC | ||
| 005 | 20160523151146.0 | ||
| 008 | 160523b xxu||||| |||| 00| 0 eng d | ||
| 020 | _a9789719800897 | ||
| 050 |
_aQA 276.2 _b.P37 2014 |
||
| 100 | _aParreño, Elizabeth B. | ||
| 245 |
_aBasic statistics : _ba worktext / _cElizabeth B. Parreño, Ronel O. Jimenez. |
||
| 250 | _a2nd edition. | ||
| 260 |
_aQuezon City : _bC & e Publishing, Inc., _c2014. |
||
| 300 |
_axii, 272 pages : _billustrations ; _c22 cm. |
||
| 500 | _aIncludes appendix and bibliographical references. | ||
| 650 |
_aStatistics _xProblems, exercises, etc. |
||
| 942 |
_2lcc _cBK |
||
| 999 |
_c294924 _d294924 |
||